000 02830nam0a2200445 4500
001 RU\NLR\bibl\996430
005 20250614222751.0
010 _a5-94067-158-6
021 _aRU
_b2006-48805
_92422
035 _a(nilc)RSL-KNO-002918455
035 _a(NLR Aleph) 000984195
090 _a478229
_c478229
100 _a20060822d2006 |||y0rusy50 ca
101 0 _arus
102 _aRU
105 _ab |||||||||
106 _ar
200 1 _aПроблемы послевоенного устройства Европы в американо-советских отношениях, 1941-1945
_fМ.Ю. Мягков
_gРоссийская акад. наук, Ин-т всеобщей истории
210 _aМосква
_cИВИ РАН
_d2006
_eМ.
_gИВИ РАН
215 _a275, [2] с.
_cкарт.
_d21
320 _aБиблиогр. в подстроч. примеч.
607 _aСоединенные Штаты Америки
_xВнешняя политика
_z1939 - 1945
_91331465
_3RU\NLR\auth\66238910
607 _aСССР
_xВзаимоотношения
_yСоединенные Штаты Америки
_z1941 - 1945
_92388029
_3RU\NLR\auth\661424321
607 _aСоединенные Штаты Америки
_xВзаимоотношения
_yСССР
_z1941 - 1945
_92388033
_3RU\NLR\auth\661424323
610 0 _aИстория. Исторические науки -- История зарубежных стран -- США -- США в период общего кризиса капитализма (1918- ) -- Период второй мировой войны (1939-1945) -- Международные отношения. Внешняя политика -- Отношения с отдельными странами -- СССР
610 0 _aИстория. Исторические науки -- Всемирная история -- Новейшая история (1917- ) -- Период второй мировой войны (1939-1945) -- Международные отношения -- Международные проблемы. Международные организации, конгрессы, конференции, совещания -- Международные проблемы -- Проблема послевоенного устройства мира
686 _aТ3(7США)62-64(2),02
_2rubbk
686 _aТ3(2)722.9-64(7США),02
_2rubbk
686 _aТ3(0)629-611.3,02
_2rubbk
686 _aТ3(2)722.9-64(7США)
686 _aТ3(7США)62-6
686 _aТ3(7США)62-64(2)
700 1 _aМягков
_bМ. Ю.
_f1968-
_gМихаил Юрьевич
_4070
801 0 _aRU
_bРКП
_c20060822
_grcr
801 1 _aRU
_bРГБ
_c20060822
801 2 _aRU
_bNLR
_c20061012
_grcr
942 _cBOOK
980 _aNB